Banned Episodes of Pokemon Quiz Stats

 Plays Quiz not verified by Sporcle

Challenge
Share
Tweet
Embed
Score 0/7 Timer 05:00
0 Plays Today
Hint Episode Name % Correct
This episode caused many Japanese children to have seizures due to flashing red and blue lights.Electric Soldier Porygon
82.5%
This episode was banned by 4kids! entertainment because James wears fake breasts.Beauty and the Beach
66.7%
This episode was banned because the owner of the safari zone sticks a gun in ash's face and shoots at Team Rocket.The Legend of Dratini
65.8%
After 9-11, this episode was banned because a tentacruel destroys a building.Tentacool and Tentacruel
62.3%
This episode was banned because the pokemon Jinx was thought to be a racial insult against African Americans.The Ice Cave
36%
After 9-11, this episode changed its name to 'spirits in the sky', but later had its name changed back.A Scare in the Air
21.1%
This episode was banned because the earthquake depicted in the episode resembles an earthquake that occured in Japan just before the episode was created.Battle of the Quaking Island! Barboach vs Whiscash!
8.8%

You're not logged in!

Compare scores with friends on all Sporcle quizzes.
OR
Log In

You Might Also Like...

Show Comments

Extras

Top Quizzes Today


Score Distribution

Your Account Isn't Verified!

In order to create a playlist on Sporcle, you need to verify the email address you used during registration. Go to your Sporcle Settings to finish the process.

Report this User

Report this user for behavior that violates our Community Guidelines.

Details: